000 00712nam a22002657a 4500
003 CHAP
005 20220817041723.0
008 971013s1953 r 00010 d
010 _a22572
011 _a23544
035 _a27640
040 _cCHAP
082 _a636.5
_bA8
111 0 0 _aAustralia. Department of Agriculture.
_98377
245 _aPoultry farming
250 _a9 ed.
260 _aMelbourne, W.M. :
_bHouston,
_c(1953?)
300 _a223 p.
_b: ilus
590 _aBATCH-UPD
_b10
_c20130110
_lUCH01
_h2030
590 _aCONVERSION
_b10
_c20130109
_lUCH01
_h1313
650 1 4 _aAvicultura.
901 _aBK
942 _cLIBRO
949 _a636.5 A8
_bBC
_cLIBRO
_d-64063
_eLIBRO
_h53342
_i27640
_mD
_si
999 _c22572
_d22572